El yo dividido (Record no. 88374)

MARC details
000 -LEADER
campo de control de longitud fija 00769nam a2200217 i 4500
001 - NÚMERO DE CONTROL
campo de control 88374
003 - IDENTIFICADOR DE NÚMERO DE CONTROL
campo de control ES-MaACL
005 - FECHA Y HORA DE LA ÚLTIMA TRANSACCIÓN
campo de control 20230906175840.0
007 - CAMPO FIJO DE DESCRIPCIÓN FÍSICA--INFORMACIÓN GENERAL
campo de control de longitud fija t|
008 - DATOS DE LONGITUD FIJA--INFORMACIÓN GENERAL
campo de control de longitud fija 050104s1978 mx ||||1| spa d
100 1# - ENTRADA PRINCIPAL--NOMBRE DE PERSONA
Nombre de persona Laing, Ronald David.
9 (RLIN) 69695
245 13 - MENCIÓN DEL TÍTULO
Título El yo dividido
Resto del título : un estudio sobre la salud y la enfermedad /
Mención de responsabilidad, etc. R.D. Laing ; [versión Francisco González Aramburo].
250 ## - MENCION DE EDICION
Mención de edición [1ª ed., 4ª reimp.].
260 ## - PUBLICACIÓN, DISTRIBUCIÓN, ETC.
Lugar de publicación, distribución, etc. México, etc. :
Nombre del editor, distribuidor, etc. Fondo de Cultura Económica,
Fecha de publicación, distribución, etc. [1978]
300 ## - DESCRIPCIÓN FÍSICA
Extensión 216 p. ;
Dimensiones 21 cm.
490 1# - MENCIÓN DE SERIE
Mención de serie Biblioteca de psicología y psicoanálisis
700 1# - ENTRADA AGREGADA--NOMBRE PERSONAL
Nombre de persona González Aramburo, Francisco.
9 (RLIN) 58429
830 0# - PUNTO DE ACCESO ADICIONAL DE SERIE-TÍTULO UNIFORME
Título uniforme Biblioteca de psicología y psicoanálisis
9 (RLIN) 179941
852 ## - LOCALIZACIÓN
Ubicación ES-MaACL
Número de control de estantería A-8876
Sublocalización o colección R.98030
Holdings
Estatus retirado Estado de pérdida Estado de daño No para préstamo Biblioteca de origen Biblioteca actual Ubicación en estantería Fecha de adquisición Fuente de adquisición Total de préstamos Signatura topográfica completa Código de barras Visto por última vez Precio de reemplazo Tipo de ítem Koha
        Biblioteca del Ateneo de Madrid Biblioteca del Ateneo de Madrid Depósito 1 17/01/2008     A-8876 1092317 23/02/2023 23/02/2023 Libro impreso